Normal view
MARC view
Entry Topical Term
001 - CONTROL NUMBER
- control field: 5839
003 - CONTROL NUMBER IDENTIFIER
- control field: ARRUPE
005 - DATE AND TIME OF LATEST TRANSACTION
- control field: 20131217141950.0
008 - FIXED-LENGTH DATA ELEMENTS
- fixed length control field: 131217|| aca||aabn | a|a d
040 ## - CATALOGING SOURCE
- Original cataloging agency: ARRUPE
- Transcribing agency: ARRUPE
150 ## - HEADING--TOPICAL TERM
- Topical term or geographic name as entry element: Railways - South Africa - Maps
670 ## - SOURCE DATA FOUND
- Source citation: Work cat.: (ARRUPE): British South Africa Company 5838, Proposed light railways maps, 1910